Economía política y hacienda pública: para no economistas

Zapisane w:
Opis bibliograficzny
1. autor: García-Agúndez Jiménez, Juan Manuel (Autor)
Format: Książka
Język:hiszpański
Wydane: Pamplona Eunate 1996
Wydanie:2a. ed
Seria:Azul Universidad, 10
Hasła przedmiotowe:
Etykiety: Dodaj etykietę
Nie ma etykietki, Dołącz pierwszą etykiete!

MARC

LEADER 00000nam a2200000 a 4500
001 UCO8998
003 CL-VaPUC
008 010119e19960000SP |||||||||||||||||spa|d
082 0 4 |a 330  |b GAR  |2 21 
100 0 |a García-Agúndez Jiménez, Juan Manuel  |e author  |9 454053 
245 1 0 |a Economía política y hacienda pública: para no economistas 
250 |a 2a. ed 
300 |a 311 p 
942 |c BK 
945 |d 20010119 00:00:00  |a vberengu 
260 |a Pamplona  |b Eunate  |c 1996 
650 7 |a DERECHO Y ECONOMIA  |2 CL-VaPUC  |9 255885 
650 0 |a Gasto público  |9 335386 
650 0 |a Hacienda pública  |9 258673 
650 0 |a Macroeconomía   |9 260301 
650 0 |a Microeconomía  |9 258126 
650 0 |a Oferta y demanda  |9 255571 
650 0 |a Política económica   |9 255029 
650 7 |a PRESUPUESTO NACIONAL  |2 CL-VaPUC  |9 338436 
583 |a last modification  |c 20010119 00:00:00  |k Rodrigo Vera 
490 0 |a Azul Universidad, 10 
999 |c 293409  |d 293407 
952 |0 0  |1 0  |4 0  |6 330_000000000000000_GAR_1996  |7 0  |8 A  |9 344915  |a BIBTEO  |b BIBTEO  |d 2019-11-20  |i 3678474  |o 330 GAR 1996  |p 3678474  |r 2025-01-17  |w 2019-11-20  |y BK  |k ICR